Statistics for Capitals of the British Overseas Territories

Click here to take the quiz!

General Stats

  • This quiz has been taken 288 times
  • The average score is 9 of 14

Answer Stats

HintAnswer% Correct
GibraltarGibraltar
87%
Falkland IslandsStanley
81%
BermudaHamilton
77%
AnguillaThe Valley
74%
Cayman IslandsGeorge Town
73%
Pitcairn IslandsAdamstown
67%
British Virgin IslandsRoad Town
67%
Saint Helena, Ascension and Tristan da CunhaJamestown
61%
Turks and Caicos IslandsCockburn Town
58%
British Indian Ocean TerritoryDiego Garcia
51%
South Georgia and the South Sandwich IslandsKing Edward Point
44%
MontserratBrades
42%
Akrotiri and DhekeliaEpiskopi Cantonment
42%
British Antarctic TerritoryRothera
30%

Score Distribution

Percentile by Number Answered

Percent of People with Each Score

Your Score History

You have not taken this quiz